000 00819nam a2200217Ia 4500
003 OSt
005 20220923221311.0
006 a|||||r|||| 00| 0
007 ta
008 220922b |||||||| |||| 00| 0 hin d
024 _a196,812
037 _cTextual
040 _aARTS
_cARTS
_bhin
041 _2hin
_ahin
082 _aP152, K62
100 _aतेलंग, मालच्रन्द्र राव
245 0 _aछत्तीस गढी़ हलबी भतरी बोलियों का भाषा वैेज्ञानिक अध्ययन
246 _aChhattīs gaḍhī़ halabī bhatarī boliyoan kā bhāṣhā vaiejnyānik adhyayana
942 _hP152, K62
_cTEXL
_2CC
999 _c348683
_d348683